[Vytváranie a zhodnocovanie potenciálu znalostnej spoločnosti]

Recenzia na monografiu, ktorá sa zaoberá skúmaním otázok spojených s rozvojom znalostnej ekonomiky a znalostnej spoločnosti.

Gespeichert in:
Bibliographische Detailangaben
1. Verfasser: Gonda, Vladimír
Format: Buchkapitel
Sprache:Slowakisch
Schlagworte:
Tags: Tag hinzufügen
Keine Tags, Fügen Sie das erste Tag hinzu!

MARC

LEADER 00000naa a2200000 4500
001 0247154
005 20240502073948.3
041 0 |a slo 
044 |a SK 
245 1 0 |a [Vytváranie a zhodnocovanie potenciálu znalostnej spoločnosti]  |c Vladimír Gonda 
520 |a Recenzia na monografiu, ktorá sa zaoberá skúmaním otázok spojených s rozvojom znalostnej ekonomiky a znalostnej spoločnosti. 
610 2 0 |a recenzie 
610 2 0 |a spoločnosť vedomostná 
610 2 0 |a ekonomika vedomostná 
610 2 0 |a vzdelávanie 
100 1 |a Gonda, Vladimír